00853nam a2200217 a 450000100100000000500170001000800410002704000250006808200150009310000490010824501280015726000350028530000210032050000420034150000420038350400290042570000420045404900090049695201130050599900170061800002223020250205122719.0100920s1999 dr 000 0 spa d aDO-SdBNPbspacBNPHU axxxbP343i1 aPayán Areché, Luis Ramónd1956-914489 0aInteligencia y técnicas de investigación :bmanual didáctico /cLuis Ramón Payán Areché ; César Pina Toribio. aSanto DomingofAníbalc1999. a210 p. ;c24 cm. aIncluye datos biográficos del autor aIncluye notas al pie de las páginas aBibliografía : 209-2101 aPina Toribio, Césarepról.916867 aBNPD 0010718PDaPDbPDcCTd2010-09-20iLF1l0oxxx P343ip22230-10r2020-06-25w2020-06-25yLFPDZNo se presta c21728d21728